[Event "Wch Seniors 12th"]
[Site "Naumburg"]
[Date "2002.10.29"]
[Round "7"]
[White "Steffen, Guenter"]
[Black "Hilburt, Leonid"]
[Result "0-1"]
[WhiteElo "1847"]
[BlackElo "2106"]
[PlyCount "100"]
[EventDate "2002.10.21"]
[EventType "swiss"]
[EventRounds "11"]
[EventCountry "GER"]
[SourceTitle "EXT 2006"]
[Source "ChessBase"]
[SourceDate "2005.11.24"]
[SourceVersion "1"]
[SourceVersionDate "2005.11.24"]
[SourceQuality "1"]

1. b3 e5 2. Bb2 Nc6 3. e3 d5 4. Bb5 Bd6 5. Bxc6+ bxc6 6. d3 Nf6 7. Nd2 0-0 8. Ne2 Bg4 9. f3 Be6 10. e4 Nh5 11. 0-0 Qg5 12. Kh1 Nf4 13. Nxf4 Qxf4 14. Qe2 Rae8 15. Rfe1 Bc8 16. Bc1 Qh4 17. g3 Qe7 18. g4 h5 19. gxh5 Qh4 20. Rg1 Qxh5 21. Qg2 Qh7 22. a4 Bc5 23. Ba3 Bxa3 24. Rxa3 Bh3 25. Qf2 f5 26. Raa1 fxe4 27. dxe4 dxe4 28. Nxe4 Qxe4 29. Rg3 Qh7 30. Rag1 Rf7 31. Qc5 Qh6 32. Rg6 Qf4 33. Qxc6 Rd8 34. R6g3 Bf5 35. b4 Kf8 36. Qc5+ Rd6 37. Qxa7 Qd4 38. Qb8+ Rd8 39. Qb5 Bd7 40. Qa6 Qxb4 41. Rxg7 Qd6 42. Rxf7+ Kxf7 43. Qc4+ Qe6 44. Qh4 Rf8 45. Qh5+ Ke7 46. Rg7+ Kd8 47. Rg5 Qc4 48. Kg2 Qe2+ 49. Kg3 e4 50. fxe4 Qf2# 0-1

[Event "Dresden op 10th"]
[Site "Dresden"]
[Date "2001.08.01"]
[Round "7"]
[White "Negele, Michael"]
[Black "Steffen, Guenter"]
[Result "1-0"]
[WhiteElo "2229"]
[BlackElo "1846"]
[PlyCount "73"]
[EventDate "2001.07.27"]
[EventType "swiss"]
[EventRounds "9"]
[EventCountry "GER"]
[SourceTitle "EXT 2004"]
[Source "ChessBase"]
[SourceDate "2003.11.25"]
[SourceVersion "1"]
[SourceVersionDate "2003.11.25"]
[SourceQuality "1"]

1. e4 b6 2. d4 Bb7 3. Bd3 e6 4. Nf3 d6 5. Nc3 Nd7 6. Be3 Ne7 7. Qd2 h6 8. 0-0 g6 9. Rad1 Bg7 10. Rfe1 g5 11. Qe2 0-0 12. h3 Ng6 13. Ba6 Qc8 14. Bxb7 Qxb7 15. Nh2 e5 16. dxe5 Bxe5 17. Ng4 Bg7 18. Bd4 Nde5 19. Bxe5 dxe5 20. Nd5 Nf4 21. Ne7+ Kh8 22. Qf3 c5 23. Nf5 h5 24. Nge3 Rad8 25. Nd5 Nxd5 26. Qxh5+ Kg8 27. Rxd5 Rxd5 28. exd5 f6 29. d6 Rd8 30. Ne7+ Kf8 31. Qh7 Kf7 32. Nf5 Kf8 33. Nh6 Ke8 34. Qg8+ Bf8 35. Qe6+ Be7 36. Qf7+ Kd7 37. dxe7 1-0

[Event "Dresden op 10th"]
[Site "Dresden"]
[Date "2001.07.29"]
[Round "3"]
[White "Steffen, Guenter"]
[Black "Eichner, Sebastian"]
[Result "0-1"]
[WhiteElo "1846"]
[BlackElo "2204"]
[PlyCount "71"]
[EventDate "2001.07.27"]
[EventType "swiss"]
[EventRounds "9"]
[EventCountry "GER"]
[SourceTitle "EXT 2004"]
[Source "ChessBase"]
[SourceDate "2003.11.25"]
[SourceVersion "1"]
[SourceVersionDate "2003.11.25"]
[SourceQuality "1"]

1. b3 Nf6 2. Bb2 e6 3. e3 b6 4. f4 Bb7 5. Nf3 Be7 6. Be2 c5 7. 0-0 d5 8. Bb5+ Nc6 9. Ne5 Rc8 10. Bxc6+ Bxc6 11. Nxc6 Rxc6 12. Qe2 0-0 13. d3 Qc7 14. Nd2 Rd8 15. Rf3 Nd7 16. Rg3 Bf6 17. Bxf6 Nxf6 18. Nf3 Nd7 19. Rf1 f6 20. Nh4 Nf8 21. Qh5 Qf7 22. Qf3 f5 23. Qe2 b5 24. Nf3 Ra6 25. Ne5 Qc7 26. c4 dxc4 27. dxc4 b4 28. e4 fxe4 29. Qxe4 Rxa2 30. f5 Rd4 31. Qb1 Rdd2 32. f6 Qxe5 33. fxg7 Ng6 34. Rxg6 hxg6 35. Rf8+ Kxg7 36. Rg8+ 0-1